|
|
|
|
| LEADER |
00899nam a2200205 a 4500 |
| 001 |
4410911 |
| 008 |
091227s1992 bg af bs f000 0 eng d |
| 010 |
|
|
|a 92901783
|
| 040 |
|
|
|a DLC
|c DLC
|d DLC
|d BD-DhAAL
|
| 082 |
0 |
0 |
|a 370/.9549/2
|2 20
|
| 245 |
0 |
0 |
|a Bangladesh education in statistics, 1991
|
| 260 |
|
|
|a Dhaka :
|b Bangladesh Bureau of Statistics, Statistics Division, Ministry of Planning, Govt. of the People's Republic of Bangladesh,
|c 1992.
|
| 300 |
|
|
|a vii, 256 p., [1] leaf of plates :
|b ill. ;
|c 27 cm.
|
| 500 |
|
|
|a Chiefly statistical tables.
|
| 541 |
1 |
|
|e 00004436
|
| 650 |
|
0 |
|a Education
|z Bangladesh
|x Statistics
|
| 710 |
1 |
|
|a Bangladesh.
|b Parisaṃkhyāna Byuro.
|
| 852 |
4 |
|
|a Ayesha Abed Library
|j General shelf.
|
| 999 |
|
|
|c 6470
|d 6470
|
| 952 |
|
|
|0 0
|1 0
|2 ddc
|4 0
|6 370_954920000000000_BAN_1992
|7 0
|9 6560
|a BRACUL
|b BRACUL
|c GEN
|d 2009-12-27
|g 100.00
|l 0
|o 370.95492 BAN
|p 3010004436
|r 2009-12-27
|t 1
|w 2009-12-27
|y BK
|